000 00900cad a22002295a 4500
001 L144871
008 080815s2008 xxkad f s 000 0 eng d
035 _a(Sirsi) u144871
041 0 _aeng
050 0 4 _a333.33 $2 18
110 2 _aInvestment Property Databank
_92288
245 0 0 _aIPD UK monthly property index
_bend June 2008
_h[electronic resource]
260 _aLondon
_bIPD
_c2008
490 0 _aIPD UK Monthly Property Index
_vJune 2008
520 _aThe Index showed all property total returns fell by -1.5% in June 2008, more than twice as in the previous month when all property total returns fell -0.7%.
590 _aKA
650 2 4 _aIPD UK MONTHLY PROPERTY INDEX
651 4 _aUnited Kingdom
_y
690 _aPROPERTY-COMMERCIAL PROPERTY-COMMERCIAL PROPERTY MARKET
856 4 0 _uhttps://www.ipd.com/
_zView this report free of charge under indices at www.ipd.com...
942 _n0
999 _c108638
_d108638